000 00362nam a2200121Ia 4500
008 240624s9999 xx 000 0 und d
041 _aeng
082 _a658.4013 DEM
100 _aDEMING W EDWARDS
245 _aOUT OF THE CRISIS QUALITY PRODUCTIVITY A
260 _c1992
_aMadras
_bProductivity & Quality Publishing Pvt.Ltd.
300 _axiii, : 507 : p. : cm. ; 25
999 _c5250
_d5250